000 01355cam a22003977a 4500
001 000069335
003 CHAP
005 20220329141333.0
008 971013d1959 mx r 001|0 spa d
010 _a66607
011 _a67579
035 _a77049
040 _cCHAP
090 _aTesis
100 0 0 _aUribe Avendaño, Edmundo.
_9116912
245 1 0 _aTransecto ecológico de los terrenos de la ENA :
_bLago de Texcoco, Cerro del Tlaloc.
260 _aChapingo, Méx. :
_bEl autor,
_c1959.
300 _a73 h. :
_b: ilus.
502 _aTesis (Ing. Agr. esp. en Bosques) -- ENA. Departamento de Bosques
590 _aALEPH
_b10
_c20130110
_lUCH01
_h1401
590 _aBATCH-UPD
_b10
_c20130110
_lUCH01
_h0508
590 _aBATCH-UPD
_b10
_c20130110
_lUCH01
_h2320
590 _aBATCH-UPD
_b10
_c20130410
_lUCH01
_h0146
590 _aBATCH-UPD
_b10
_c20130914
_lUCH01
_h0735
590 _aCONVERSION
_b10
_c20130109
_lUCH01
_h1337
590 _aE11695DGD
_b10
_c20170601
_lUCH01
_h1459
650 1 4 _aBotánica
_xMéxico (Edo.)
_914593
650 1 4 _aLago de Texcoco.
_964410
650 1 4 _aSuelos
_xClasificación
_xMéxico (Edo.)
_9110255
710 0 _aENA. Departamento de Bosques.
_936691
901 _aBK
942 _cFOLL
942 _n0
949 _bBC
_cTES
_d33724000763322
_eTS2
_fc.2
_h21368
_i77049
_si
949 _bBC
_cTES
_d770491
_eTS1
_h21594
_i77049
_sb
999 _c66607
_d66607